Areas de especialización periodística

Kaydedildi:
Detaylı Bibliyografya
Asıl Yazarlar: Esteve Ramírez, Francisco (Yazar), Fernández del Moral, Javier (Yazar)
Materyal Türü: Kitap
Dil:İspanyolca
Baskı/Yayın Bilgisi: Madrid Fragua 1999
Edisyon:1a. ed
Konular:
Etiketler: Etiketle
Etiket eklenmemiş, İlk siz ekleyin!

MARC

LEADER 00000nam a2200000 a 4500
001 UCK2167
003 CL-VaPUC
008 041223e19990000SP |||||||||||||||||spa|d
020 |a 847074108X 
082 0 4 |a 070.4  |b EST  |2 21 
100 0 |a Esteve Ramírez, Francisco  |e author  |9 489967 
700 0 |a Fernández del Moral, Javier  |e author  |9 489968 
245 1 0 |a Areas de especialización periodística 
250 |a 1a. ed 
300 |a 330 p 
942 |c BK 
945 |d 20041223 00:00:00  |a vberengu 
260 |a Madrid  |b Fragua  |c 1999 
650 0 |a Periodismo   |9 310113 
583 |a last modification  |c 20041223 00:00:00  |k Rodrigo Vera 
999 |c 311786  |d 311784 
952 |0 0  |1 0  |4 0  |6 070_400000000000000_EST_1999  |7 0  |8 A  |9 381437  |a FDOPOS  |b FDOPOS  |d 2019-11-21  |i 4089448  |o 070.4 EST 1999  |p 4089448  |r 2025-01-22  |w 2019-11-21  |y BK  |k MLA